| 000 | 00488nam a22001817a 4500 | ||
|---|---|---|---|
| 003 | CEME | ||
| 005 | 20210628204205.0 | ||
| 008 | 210121b xxu||||| |||| 00| 0 eng d | ||
| 020 | _a81-203-2644-X | ||
| 040 | _cceme | ||
| 082 | _a658.5 MUK | ||
| 100 |
_aMukhopadhyay ,S. K _969201 |
||
| 245 | _aProduction planing and control, text and cases | ||
| 260 |
_aNEW DELHI _bPRENTICE HALL _c2004 |
||
| 300 | _aXVI,314P | ||
| 650 |
_aPRODUCTION PLANING AND CONTROL _969202 |
||
| 942 |
_cBK _2ddc |
||
| 999 |
_c576573 _d576573 |
||